00823nam a22001817a 450000500170000000800410001704000120005804100080007004400070007810000270008524501720011226001480028430000190043265000570045165000500050865000550055870000280061320141126142422.0141126b2009 ck |||||r|||| 00| 0 spa d cCO-BoIH aspa ack1 aWilches-Chaux, Gustavo aCuadernillo de Trabajo Lineamientos para la Construcción de la Política Departamental de Educación Ambiental en Cundinamarca cGustavo, Wilches-Chaux... (et al.) aBogotá D.C :bCorporación Autónoma Regional de Cundinamarca-CAR, bEcopetrol,bUniversidad Nacional Abierta y a Distancia-UNAD, c2009. a94 pagc28 cm. 6aEducación Ambiental zCundinamarca( Dpt. Colombia) 6aMedio Ambiente zCundinamarca( Dpt. Colombia) aPolítica AmbientalzCundinamarca( Dpt. Colombia) aMurcia-García, Misael